[Event "Pardubice Czech op-B 29th"]
[Site "Pardubice"]
[Date "2018.07.22"]
[Round "3"]
[White "Bonaposta, Fabrizio"]
[Black "Mueller, Petr"]
[Result "1-0"]
[WhiteElo "2055"]
[BlackElo "1911"]
[PlyCount "69"]
[EventDate "2018.07.20"]
[EventType "swiss"]
[EventRounds "9"]
[EventCountry "CZE"]
[SourceTitle "CBM 186 Extra"]
[Source "ChessBase"]
[SourceDate "2018.08.24"]
[SourceVersion "1"]
[SourceVersionDate "2018.08.24"]
[SourceQuality "1"]

1. e4 d6 2. Nc3 Nf6 3. f4 c5 4. Nf3 Nc6 5. Bb5 Bd7 6. d3 a6 7. Ba4 e6 8. 0-0 g6 9. Qe1 Bg7 10. f5 Nd4 11. Bxd7+ Nxd7 12. fxe6 fxe6 13. Nxd4 Bxd4+ 14. Kh1 Qe7 15. Qg3 0-0-0 16. Bg5 Bf6 17. Rxf6 Nxf6 18. Qh4 Rdf8 19. e5 dxe5 20. Ne4 Qd7 21. Bxf6 Rhg8 22. Bxe5 g5 23. Qg3 Rg6 24. h3 g4 25. h4 Rf5 26. Nd6+ Kd8 27. Nxf5 exf5 28. Re1 Qd5 29. Qf4 g3 30. Qxf5 Qg8 31. Bf6+ Kc7 32. Qxc5+ Kb8 33. Be5+ Ka8 34. Bd4 Qb8 35. Re8 1-0